| 000 | 00403nam a2200157Ia 4500 | ||
|---|---|---|---|
| 008 | 200305s9999 xx 000 0 und d | ||
| 020 | _a978-1-138-70802-0 | ||
| 082 | _a820 | ||
| 082 | _bBRR | ||
| 100 | _aBRAY JOE, GIBBONS ALISON, & McHALE BRIAN | ||
| 245 | _aROUTLEDGE COMPANION TO EXPERIMENTAL LITERATURE | ||
| 260 |
_aNEW YORK _bROUT LEDGE |
||
| 300 | _a542 | ||
| 650 | _aENGLISH | ||
| 999 |
_c40008 _d40008 |
||
| 041 | _aeng | ||